000 00605nam a2200193Ia 4500
005 20260114185613.0
008 008 260114s9999 xx 000 0 eng d
020 _a9798400662027
037 _aEBOOK
040 _aCRL
_beng
_cCRL
041 _aeng
_2eng
084 _qCRL
100 _aLori Cox Han
_9872112
245 0 _aHatred of America's Presidents Personal Attacks on the White House from Washington to Trump
260 _bBloomsbury
_c2018
856 _uhttps://doi.org/10.5040/9798400662027?locatt=label:secondary_bloomsburyCollections
942 _cEBOOK
999 _c1471060
_d1471060